Science Quiz

Random Science Quiz
Score 0/32 Timer 06:00
0 Plays Today
Bacteria Drug of Choice % Correct
Strep Group APenicillin G
67.8%
Staphylococcus aureusOxacillin
64.4%
Strep Group BPenicillin G
63.6%
Clostridium dificlieMetronidazole
56.8%
Neisseria gonorheaCeftriaxone
55.1%
Bacteroides fragilisMetronidazole
44.9%
Enterococcus faecalisAmpicillin
43.2%
E. Coli UTICiprofloxacin
40.7%
Moraxella catarrhalisCefuroxime
39.8%
GiardiaMetronidazole
39.8%
Campylobacter jejuniAzithromycin
37.3%
ChlamydiaAzithromycin
37.3%
Gardenerella vaginalisMetronidazole
33.9%
TrichomonasMetronidazole
33.1%
Strep pneumoniaePenicillin
31.4%
EnterobacterCefepime
30.5%
Bacteria Drug of Choice % Correct
Klebsiella pneumoniaCetriaxone
28.8%
Proteus vulgarisCeftriaxone
28.8%
Proteus mirabilisAmpicillin
28%
Enterococcus faecium, resistantSynercid
26.3%
SalmonellaCetriaxone
26.3%
PeptostreptococcusClindamycin
25.4%
ShigellaCiprofloxacin
24.6%
Pseudomonas aeruginosa, UTICiprofloxacin
24.6%
AcinetobacterImipenem
23.7%
Haemophilus influenza, URIBactrim
22.9%
Helicobacter PyloriPPI+Clarithromycin+amoxicillin
22%
SerratiaImipenem
22%
Moraxella catarrhalis, resistantAzithromycin
20.3%
Pseudomonas aeruginosa, non-UTIPiperacillin/Tazobactam
20.3%
StenotrophomonasBactrim
20.3%
E. Coli in BloodCeftriaxone
17.8%
Remove Ads.
Support Sporcle.
Get the best of Sporcle when you Go Orange. This ad-free experience offers more features, more stats, and more fun while also helping to support Sporcle. Thank you for becoming a member.

You're not logged in!

Compare scores with friends on all Sporcle quizzes.
OR
Log In

You Might Also Like...

Show Comments

Extras

Created Nov 28, 2010ReportNominate
Tags:Microbiology

Top Quizzes Today


Score Distribution

Your Account Isn't Verified!

In order to create a playlist on Sporcle, you need to verify the email address you used during registration. Go to your Sporcle Settings to finish the process.

Report this User

Report this user for behavior that violates our Community Guidelines.

Details: